Building Construction (Record no. 61)

MARC details
000 -LEADER
fixed length control field 00381nam a22001697a 4500
005 - DATE AND TIME OF LATEST TRANSACTION
control field 20260123152952.0
020 ## - INTERNATIONAL STANDARD BOOK NUMBER
International Standard Book Number 978-81-318-0428-5
041 ## - LANGUAGE CODE
Language code of text/sound track or separate title ENG
100 ## - MAIN ENTRY--PERSONAL NAME
Personal name Punmia.B.C
245 ## - TITLE STATEMENT
Title Building Construction
250 ## - EDITION STATEMENT
Edition statement Eleventh Edition
260 ## - PUBLICATION, DISTRIBUTION, ETC. (IMPRINT)
Place of publication, distribution, etc Mumbai
Name of publisher, distributor, etc Laxmi Publications
Date of publication, distribution, etc 2017
300 ## - PHYSICAL DESCRIPTION
Extent 668
650 ## - SUBJECT ADDED ENTRY--TOPICAL TERM
Topical term or geographic name as entry element FS
700 ## - ADDED ENTRY--PERSONAL NAME
Personal name Jain.A.K, Jain.A.K
856 ## - ELECTRONIC LOCATION AND ACCESS
Uniform Resource Identifier FS
Holdings
Withdrawn status Lost status Source of classification or shelving scheme Damaged status Not for loan Home library Current library Shelving location Date acquired Cost, normal purchase price Total Checkouts Barcode Checked out Date last seen Date checked out Price effective from Koha item type
    Dewey Decimal Classification     College of Agricultural Engineering and Technology, Dapoli , Library College of Agricultural Engineering and Technology, Dapoli , Library General Stacks 19/10/2020 575.00 1 007473 30/04/2026 30/01/2026 30/01/2026 19/10/2020 Books
    Dewey Decimal Classification     College of Agricultural Engineering and Technology, Dapoli , Library College of Agricultural Engineering and Technology, Dapoli , Library Book Cart 17/12/2021     G00630   17/12/2021   17/12/2021 Books

Contact Us: College of Agricultural Engineering and Technology, Dapoli, Dist.- Ratnagiri
Website: https://dbskkv.org Email: caetlibrary2015@gmail.com